000 00728nam a2200253 i 4500
001 C2-0130873
003 PPAK
005 20180727122014.0
008 971007s enka|||| ||||| | eng d
020 _a0721408141
040 _aPPAK
_beng
_cPPAK
_erda
082 0 4 _a428.1
_223
090 0 0 _a428.1
_bLAD
_dK
245 0 4 _aThe ladybird book of spelling and grammar.
264 1 _aLeicestershire :
_bLadybird Books ,
_c[date of publication not identified]
300 _a51 pages :
_bcolour illustrations ;
_c18 cm
336 _2rdacontent
_atext
337 _2rdamedia
_aunmediated
338 _2rdacarrier
_avolume
490 1 _aReference
700 1 _aPaull, Dorothy,
_ecompile
830 0 _aReference
942 _ddc
_cB
999 _c40323
_d40323